000 01531cam a22002174a 4500
005 20250605164137.0
008 250528s ||||||||||||||||||||||||d
035 _a18837
020 _a132854465
040 _aGR-AtMCL
_bgre
_dGR-AtMCL
_eAACR2
245 1 _aEnvironmental Science / The Way the World Works
250 _a4th
260 _bPrentice Hall,
_c1993
300 _a636
520 _aThe Aim of Enviromental Science, What Ecosystems Are and How They Work, Ecosystems: What They Are, Ecosystems: How They Work, Ecosystems: What Keep Them the Same? What Makes Them Change?, Ecosystems: Adapting to Change - or Not, Finding a Balance Between Population and Soil Water and Agriculture, The Population Explosion: Causes and Consequences, Addressing the Population Problem, The Production and Distribution of Food, Soil and the Soil Ecosystem, Pests and Pest Control, Water and the Water Cycle and Water Management, Pollution, Sediments and Nutrints and Eutrophication, Sew3age Pollution and Rediscovering the Nutrient Cycle, Pollution from Hazardous Chemicals, Air Pollution and Its Control, Major Atmosheric Changes, Risks and Economics of Pollution, Resources: Biota and Refuse and Energy and Land, Wild Species: Diversity and Protection, Ecosystems as Resources, Converting Trash to Resources, Energy Resources: The Rise and Fall of Fossil Fuels, Nuclear Power: Promise and Problems.
700 1 _aNebel Bernard J
_95103
700 1 _aWright Richard T
_95104
942 _cBK
999 _c4149
_d4149